El Corregidor de Pontejos y el Madrid de su tiempo / (Record no. 139021)

MARC details
000 -LEADER
campo de control de longitud fija 01015nam a2200277 i 4500
001 - NÚMERO DE CONTROL
campo de control 139021
003 - IDENTIFICADOR DE NÚMERO DE CONTROL
campo de control ES-MaACL
005 - FECHA Y HORA DE LA ÚLTIMA TRANSACCIÓN
campo de control 20260122125922.0
007 - CAMPO FIJO DE DESCRIPCIÓN FÍSICA--INFORMACIÓN GENERAL
campo de control de longitud fija t|
008 - DATOS DE LONGITUD FIJA--INFORMACIÓN GENERAL
campo de control de longitud fija 070214s1909 sp |||| |bspa d
080 ## - NÚMERO DE LA CLASIFICACIÓN DECIMAL UNIVERSAL
Número de la Clasificación Decimal Universal 929 Vizcaíno, Joaquín
080 ## - NÚMERO DE LA CLASIFICACIÓN DECIMAL UNIVERSAL
Número de la Clasificación Decimal Universal 94(460.27 M.)"18"
100 1# - ENTRADA PRINCIPAL--NOMBRE DE PERSONA
Nombre de persona Saralegui y Medina, Manuel de.
9 (RLIN) 103752
245 13 - MENCIÓN DEL TÍTULO
Título El Corregidor de Pontejos y el Madrid de su tiempo /
Mención de responsabilidad, etc. Manuel de Saralegui y Medina.
260 ## - PUBLICACIÓN, DISTRIBUCIÓN, ETC.
Lugar de publicación, distribución, etc. Madrid :
Nombre del editor, distribuidor, etc. [s.n.],
Fecha de publicación, distribución, etc. 1909 (
Fabricante Hijos de M.G. Hernández)
300 ## - DESCRIPCIÓN FÍSICA
Extensión 214 p. :
Otras características físicas 1 retr. ;
Dimensiones 20 cm.
500 ## - NOTA GENERAL
Nota general Con el retrato del Marqués de Pontejos.
530 ## - NOTA DISPONIBLE DE FORMULARIO FÍSICO ADICIONAL
Nota de formato físico adicional disponible Disponible en formato digital.
600 14 - PUNTO DE ACCESO ADICIONAL DE MATERIA--NOMBRE DE PERSONA
Nombre de persona Vizcaíno, Joaquín,
Fechas asociadas al nombre 1790-1840
9 (RLIN) 150761
651 #4 - PUNTO DE ACCESO ADICIONAL DE MATERIA--NOMBRE GEOGRÁFICO
Nombre geográfico Madrid-
Subdivisión general Historia-
Subdivisión cronológica S.XIX.
9 (RLIN) 8969
852 ## - LOCALIZACIÓN
Ubicación ES-MaACL
Número de control de estantería D-1235
Ubicación en estantería Sala Valle Inclán
852 ## - LOCALIZACIÓN
Ubicación ES-MaACL
Número de control de estantería F-10518
Ubicación en estantería Sala Pecera Planta 2
856 4# - LOCALIZACIÓN Y ACCESO ELECTRÓNICOS
Identificador Uniforme de Recursos <a href="http://bnedigital.bne.es/bd/es/card?id=7f30b930-dd2e-4df6-9b48-4267b174d692">http://bnedigital.bne.es/bd/es/card?id=7f30b930-dd2e-4df6-9b48-4267b174d692</a>
Texto de enlace (Biblioteca Digital Hispánica)
942 ## - ELEMENTOS DE ENTRADA SECUNDARIOS (KOHA)
Fuente del sistema de clasificación o colocación Clasificación decimal universal
Holdings
Estatus retirado Estado de pérdida Estado de daño No para préstamo Colección Biblioteca de origen Biblioteca actual Ubicación en estantería Fecha de adquisición Fuente de adquisición Total de préstamos Signatura topográfica completa Código de barras Visto por última vez Precio de reemplazo Tipo de ítem Koha
        Colección digital Biblioteca del Ateneo de Madrid Biblioteca del Ateneo de Madrid Sala Pecera Planta 2 17/01/2008     F-10518 1144672 23/02/2023 23/02/2023 Libro impreso
        Colección digital Biblioteca del Ateneo de Madrid Biblioteca del Ateneo de Madrid Sala Valle Inclán 17/01/2008     D-1235 901144671 23/02/2023 23/02/2023 Libro impreso